00715nam a22002417a 4500003000200000005001700002008000200019010001300021020002600034035002300060037001600083040001500099082002000114100002200134245012100156260004100277270003400318300002500352500002000377650003000397650002400427700002200451020180704103256.00 aB-168586 c725.00a9780275983949 aB-168586, B-168587 bCen Lib/Ret aDPLbENc0 a616.804654bMEL aMeletis, Chris D. aHerbs and nutrients for the mind :cby Chris D. Meletis [and] Jason E. Barker ba guide to natural brain enhancers / aWestport bPraeger Publishers c2005 a88 post road west bWestport  axi, 288p.c21cm(pbk) aIncludes index  aHerbs xTherapeutics use  aDietry supplements  aBarker, Jason E.